00804 a2200169 45000010006000000050017000060080041000230030015000640400040000790800041001192450085001602640060002453000019003055050259003240410008005831000043005915779020260407155838.0260407a1985 arg spa dAR-UNSa-BCEJYS aAR-UNSa-BCEJYSbspacAR-UNSa-BCEJYS a674xMadera e industria de la madera10aPrincipales mercados de las obras de carpinteria para edificios y construcciones 1aGinegra :bCCI (Centro de Comercio Internacional)c1985 a190 p.c23 cm. a1. Descripción general del mercado y principales recomendaciones sobre comercialización – 2. Bélgica – Luxemburgo – 3. Francia – 4. República Federal de Alemania – 5. Países Bajos – 6. Reino Unido – 7. Estados Unidos de América  aspa1 aCentro de Comercio Internacional (CCI)